| 000 | 01990nam a2200493 i 4500 | ||
|---|---|---|---|
| 001 | 34957 | ||
| 003 | KOSZ 005 | ||
| 005 | 20211203113632.0 | ||
| 008 | 081208s1958 pl a f 001 0 pol | ||
| 015 | _aPB 1958/3490 | ||
| 035 | _a991047385669705066 | ||
| 035 | _a(PL-WaBN)b23094941-48omnis_nlop | ||
| 035 | _ab23094941 | ||
| 035 | _a(OCoLC)836514289 | ||
| 035 | _a(PL)b0000002309494 | ||
| 035 | _a(EXLNZ-48OMNIS_NETWORK)9910415851105606 | ||
| 040 |
_aWA N _cWA N _dKOSZ 005/RW |
||
| 041 | 1 |
_apol _hrus |
|
| 046 | _k1952 | ||
| 080 | _a620:621+016 | ||
| 245 | 0 | 0 |
_aWspółczesne metody obliczeń wytrzymałościowych w budowie maszyn : _bpraca zbiorowa. _n2, _pStateczność, pełzanie / _cpod redakcja S. D. Ponomariewa ; [autorzy S. D. Ponomarev et al. ; tłumaczenie Michał Życzkowski i Marek Statter]. |
| 246 | 1 |
_iTytuł oryginału: _aOsnovy sovremennyh metodov rasčeta na pročnost' v mašinostroenii |
|
| 246 | 3 | 0 | _aStateczność, pełzanie |
| 260 |
_aWarszawa : _bPaństwowe Wydawnictwo Naukowe, _c1958. |
||
| 300 |
_a441, [1] stron : _bilustracje ; _c25 cm. |
||
| 336 |
_aTekst _btxt _2rdacontent |
||
| 337 |
_aBez urządzenia pośredniczącego _bn _2rdamedia |
||
| 338 |
_aWolumin _bnc _2rdacarrier |
||
| 380 | _aKsiążki | ||
| 388 | _a1901-2000 | ||
| 504 | _aBibliografia przy rozdziałach. Indeks. | ||
| 650 | 7 |
_aPełzanie (materiałoznawstwo) _2DBN |
|
| 658 | _aInżynieria i technika | ||
| 655 | 7 | _aPraca zbiorowa | |
| 650 | 7 |
_aStateczność _2DBN |
|
| 650 | 7 |
_a Konstrukcja maszyn i urządzeń _2DBN |
|
| 700 | 1 |
_aPonomarev, Sergej Dmitrievič _d(1907- ). _eRedakcja |
|
| 700 | 1 |
_aStatter, Marek. _eTłumaczenie |
|
| 700 | 1 |
_aŻyczkowski, Michał _d(1930-2006). _eTłumaczenie |
|
| 710 | 2 |
_aPaństwowe Wydawnictwo Naukowe _4pbl. |
|
| 856 |
_uhttp://koha.tu.koszalin.pl/cgi-bin/koha/opac-detail.pl?biblionumber=34957 _yKatalog online BPK |
||
| 942 |
_2UKD _cKS |
||
| 999 |
_c34957 _d34957 |
||